书目信息 |
| 题名: |
十年书梦
|
|
| 作者: | 汪耀华 著 | |
| 分册: | ||
| 出版信息: | 上海 上海人民出版社 2007 |
|
| 页数: | 271页 | |
| 开本: | 23cm | |
| 丛书名: | ||
| 单 册: | ||
| 中图分类: | G239.21-53 | |
| 科图分类: | ||
| 主题词: | 出版工作--中国--文集 , 出版工作 | |
| 电子资源: | ||
| ISBN: | 978-7-208-07420-0 | |
| 000 | 00729nam0 2200229 450 | |
| 001 | 1261399005 | |
| 005 | 20121005170448.14 | |
| 010 | @a978-7-208-07420-0@dCNY26.00 | |
| 100 | @a20080102d2007 em y0chiy50 ea | |
| 101 | 0 | @achi |
| 102 | @aCN@b310000 | |
| 105 | @ay z 000yy | |
| 200 | 1 | @a十年书梦@Ashi nian shu meng@f汪耀华著 |
| 210 | @a上海@c上海人民出版社@d2007 | |
| 215 | @a271页@d23cm | |
| 330 | @a本书是作者自1997年以来关于书业文章的合集,分为书展故事、书市风云、书业散谈、书香漫话、书里书外、书前书后六个部分。 | |
| 606 | 0 | @a出版工作@y中国@j文集 |
| 606 | 0 | @a出版工作 |
| 690 | @aG239.21-53@v4 | |
| 701 | 0 | @a汪耀华@Awang yao hua@c(出版工作)@4著 |
| 801 | 0 | @aCN@bNLC@c20101222 |
| 905 | @a10447@dG239.21-53@eJY129 | |
| 十年书梦/汪耀华著.-上海:上海人民出版社,2007 |
| 271页;23cm |
| ISBN 978-7-208-07420-0:CNY26.00 |
| 本书是作者自1997年以来关于书业文章的合集,分为书展故事、书市风云、书业散谈、书香漫话、书里书外、书前书后六个部分。 |
| ● |
| 相关链接 |
|
|
|
|
正题名:十年书梦
索取号:G239.21-53/JY129
 
预约/预借
| 序号 | 登录号 | 条形码 | 馆藏地/架位号 | 状态 | 备注 |
| 1 | 7814835 | 278148354 | 学院路分馆/ [索取号:G239.21-53/JY129] | 在馆 | |
| 2 | 7814836 | 278148363 | 学院路分馆/ [索取号:G239.21-53/JY129] | 在馆 | |
| 3 | 7814837 | 278148372 | 学院路分馆/ [索取号:G239.21-53/JY129] | 在馆 |